Cancer biology / (Record no. 19904)
[ view plain ]
| 000 -LEADER | |
|---|---|
| fixed length control field | 01592cam a22003854a 4500 |
| 001 - CONTROL NUMBER | |
| control field | 14318311 |
| 003 - CONTROL NUMBER IDENTIFIER | |
| control field | OSt |
| 005 - DATE AND TIME OF LATEST TRANSACTION | |
| control field | 20230202163443.0 |
| 008 - FIXED-LENGTH DATA ELEMENTS--GENERAL INFORMATION | |
| fixed length control field | 060327s2007 enkab b 001 0 eng |
| 010 ## - LIBRARY OF CONGRESS CONTROL NUMBER | |
| LC control number | 2006010326 |
| 016 7# - NATIONAL BIBLIOGRAPHIC AGENCY CONTROL NUMBER | |
| Record control number | 101272538 |
| Source | DNLM |
| 020 ## - INTERNATIONAL STANDARD BOOK NUMBER | |
| International Standard Book Number | 9780195175448 |
| 035 ## - SYSTEM CONTROL NUMBER | |
| System control number | (OCoLC)ocm65341108 |
| 035 ## - SYSTEM CONTROL NUMBER | |
| System control number | (OCoLC)65341108 |
| 040 ## - CATALOGING SOURCE | |
| Original cataloging agency | DNLM/DLC |
| Transcribing agency | DLC |
| Modifying agency | NLM |
| -- | BAKER |
| -- | BTCTA |
| -- | C#P |
| -- | YDXCP |
| -- | VAM |
| -- | DLC |
| 042 ## - AUTHENTICATION CODE | |
| Authentication code | pcc |
| 050 00 - LIBRARY OF CONGRESS CALL NUMBER | |
| Classification number | RC261 |
| Item number | .R85 2007 |
| 100 1# - MAIN ENTRY--PERSONAL NAME | |
| Personal name | Ruddon, Raymond W., |
| Dates associated with a name | 1936- |
| 245 10 - TITLE STATEMENT | |
| Title | Cancer biology / |
| Statement of responsibility, etc. | Raymond W. Ruddon. |
| 250 ## - EDITION STATEMENT | |
| Edition statement | 4th ed. |
| 260 ## - PUBLICATION, DISTRIBUTION, ETC. (IMPRINT) | |
| Place of publication, distribution, etc. | Oxford ; |
| -- | New York : |
| Name of publisher, distributor, etc. | Oxford University Press, |
| Date of publication, distribution, etc. | 2007. |
| 300 ## - PHYSICAL DESCRIPTION | |
| Extent | xiv, 530 p. : |
| 504 ## - BIBLIOGRAPHY, ETC. NOTE | |
| Bibliography, etc | Includes bibliographical references and index. |
| 505 0# - FORMATTED CONTENTS NOTE | |
| Formatted contents note | Characteristics of human cancer -- Causes of cancer -- The epidemiology of human cancer -- The biochemistry and cell biology of cancer -- Molecular genetics of cancer -- Tumor immunology -- Cancer diagnosis -- Sequelae of cancer and its treatment -- Cancer prevention. |
| 650 #0 - SUBJECT ADDED ENTRY--TOPICAL TERM | |
| Topical term or geographic name as entry element | Cancer. |
| 650 #0 - SUBJECT ADDED ENTRY--TOPICAL TERM | |
| Topical term or geographic name as entry element | Carcinogenesis. |
| 650 #0 - SUBJECT ADDED ENTRY--TOPICAL TERM | |
| Topical term or geographic name as entry element | Molecular biology. |
| 650 12 - SUBJECT ADDED ENTRY--TOPICAL TERM | |
| Topical term or geographic name as entry element | Cell Transformation, Neoplastic. |
| 650 12 - SUBJECT ADDED ENTRY--TOPICAL TERM | |
| Topical term or geographic name as entry element | Neoplasms |
| General subdivision | etiology. |
| 856 41 - ELECTRONIC LOCATION AND ACCESS | |
| Materials specified | Table of contents only |
| Uniform Resource Identifier | <a href="http://www.loc.gov/catdir/toc/ecip0611/2006010326.html">http://www.loc.gov/catdir/toc/ecip0611/2006010326.html</a> |
| 856 42 - ELECTRONIC LOCATION AND ACCESS | |
| Materials specified | Publisher description |
| Uniform Resource Identifier | <a href="http://www.loc.gov/catdir/enhancements/fy0723/2006010326-d.html">http://www.loc.gov/catdir/enhancements/fy0723/2006010326-d.html</a> |
| 906 ## - LOCAL DATA ELEMENT F, LDF (RLIN) | |
| a | 7 |
| b | cbc |
| c | orignew |
| d | 1 |
| e | ecip |
| f | 20 |
| g | y-gencatlg |
| 942 ## - ADDED ENTRY ELEMENTS (KOHA) | |
| Source of classification or shelving scheme | Library of Congress Classification |
| Koha item type | General Collection |
| Withdrawn status | Lost status | Source of classification or shelving scheme | Not for loan | Home library | Current library | Shelving location | Date acquired | Cost, normal purchase price | Total Checkouts | Full call number | Barcode | Date last seen | Copy number | Price effective from | Koha item type | Inventory number |
|---|---|---|---|---|---|---|---|---|---|---|---|---|---|---|---|---|
| Library of Congress Classification | Kabarak, Main Campus | Kabarak, Main Campus | General Stacks | 02/02/2023 | 8836.00 | RC261 .R85 2007 C.1 | 34912 | 02/02/2023 | C.1 | 02/02/2023 | General Collection | |||||
| Library of Congress Classification | Kabarak, Main Campus | Kabarak, Main Campus | General Stacks | 05/02/2025 | 12992.00 | RC261 .R85 2007 C. 2 | 33397 | 05/02/2025 | C.2 | 05/02/2025 | General Collection | 2025/2075 | ||||
| Library of Congress Classification | Kabarak, Main Campus | Kabarak, Main Campus | General Stacks | 05/02/2025 | 12992.00 | RC261 .R85 2007 C. 3 | 33398 | 05/02/2025 | C.3 | 05/02/2025 | General Collection | 2025/2075 | ||||
| Library of Congress Classification | Kabarak, Main Campus | Kabarak, Main Campus | General Stacks | 13/06/2025 | 20500.00 | RC261 .R85 2007 C.4 | 33153 | 13/06/2025 | C.4 | 13/06/2025 | General Collection | 2025/2151 | ||||
| Library of Congress Classification | Kabarak, Main Campus | Kabarak, Main Campus | General Stacks | 13/06/2025 | 20500.00 | RC261 .R85 2007 C.5 | 33154 | 13/06/2025 | C.5 | 13/06/2025 | General Collection | 2025/2152 | ||||
| Library of Congress Classification | Kabarak, Main Campus | Kabarak, Main Campus | General Stacks | 13/06/2025 | 20500.00 | RC261 .R85 2007 C.6 | 33155 | 13/06/2025 | C.6 | 13/06/2025 | General Collection | 2025/2153 |